[Event "Pula op 28th"]
[Site "Pula"]
[Date "2014.06.08"]
[Round "2"]
[White "Doncevic, Dario"]
[Black "Erlandsen, Carsten"]
[Result "1/2-1/2"]
[WhiteElo "2294"]
[BlackElo "2060"]
[PlyCount "49"]
[EventDate "2014.06.07"]
[EventType "swiss"]
[EventRounds "9"]
[EventCountry "CRO"]
[SourceTitle "CBM 160 Extra"]
[Source "ChessBase"]
[SourceDate "2014.07.01"]
[SourceVersion "1"]
[SourceVersionDate "2014.07.01"]
[SourceQuality "1"]

1. c4 c5 2. g3 g6 3. Bg2 Bg7 4. Nc3 Nc6 5. a3 d6 6. Rb1 Bf5 7. d3 Qd7 8. h3 h5 9. Bd2 Rc8 10. Nf3 b6 11. Ng5 Nf6 12. e4 Be6 13. Nxe6 Qxe6 14. Nd5 Nd4 15. h4 Qd7 16. Bh3 e6 17. 0-0 Ng8 18. Bg5 Qb7 19. Nc3 Ne7 20. Bg2 Qd7 21. Ne2 Nec6 22. Be3 0-0 23. b4 Nxe2+ 24. Qxe2 Nd4 25. Bxd4 1/2-1/2